VÝSKYT INTERMEDIÁLNYCH FILAMENTOV V SLEZINE MAČKY

Bibliographic Details
Main Authors: Marettová, Elena, 1953- (Author), Maretta, Milan, 1939- (Author)
Format: Article
Language:Slovak
ISBN:9788089284306

MARC

LEADER 00000naa a2200000uu 4500
001 vtls011063231
003 SK-MaSNL
005 20260302131646.0
008 210910|2009 xo |||||||||||||||||slo|
015 |a SNBRA 
035 |a (urnnbn)urn:nbn:sk:snk:ar-a0c4e0 
035 |a (uuid)6d04f96f-0c09-4a36-8a7a-80ee7b69e953 
035 |a urn:nbn:sk:snk-aavavh 
040 |a SNKBUCL  |b slo  |c SNKBUCL  |e AACR2 
041 0 |a slo 
044 |a xo  |c SK 
100 1 |a Marettová, Elena,  |d 1953-  |4 aut  |9 194468 
245 1 0 |a VÝSKYT INTERMEDIÁLNYCH FILAMENTOV V SLEZINE MAČKY  |c Elena Marettová, Milan Maretta 
246 3 |a THE PRESENCE OF THE INTERMEDIATE FILAMENTS IN THE CAT SPLEEN 
700 1 |a Maretta, Milan,  |d 1939-  |4 aut  |9 195273 
773 0 |t Súčasné technické možnosti v Telemedicíne  |d Košice : Equilibria, 2009  |g S. 84-86  |z 9788089284306 
958 |a OND 
958 |a article12 
958 |a chapter 
999 |c 1309721  |d 1311651